The statesman's yearbook : (Record no. 122895)

MARC details
000 -LEADER
fixed length control field 00684nam a22002177a 4500
005 - DATE AND TIME OF LATEST TRANSACTION
control field 20170124105917.0
010 ## - LIBRARY OF CONGRESS CONTROL NUMBER
LC control number B-064101
020 ## - INTERNATIONAL STANDARD BOOK NUMBER
Terms of availability 00.00
International Standard Book Number 0333980964
035 ## - SYSTEM CONTROL NUMBER
System control number B-064101
037 ## - SOURCE OF ACQUISITION
Source of stock number/acquisition Cen Lib/Ret
040 ## - CATALOGING SOURCE
Original cataloging agency DPL
Language of cataloging EN
082 ## - DEWEY DECIMAL CLASSIFICATION NUMBER
Classification number 050
Item number STA
245 ## - TITLE STATEMENT
Title The statesman's yearbook :
Statement of responsibility, etc edited by Barry Turner
Remainder of title The politics, cultures and economies of the world /
260 ## - PUBLICATION, DISTRIBUTION, ETC. (IMPRINT)
Place of publication, distribution, etc New York
Name of publisher, distributor, etc Palgrave Macmillan
Date of publication, distribution, etc 2003
270 ## - ADDRESS
Address 175, fifth Avenue
City New York
Postal code 10010
300 ## - PHYSICAL DESCRIPTION
Extent xlvii, 2060p.
Dimensions 19cm (Hb)
500 ## - GENERAL NOTE
General note Includes index
650 ## - SUBJECT ADDED ENTRY--TOPICAL TERM
Topical term or geographic name as entry element Gernalities
Form subdivision Yearbook
9 (RLIN) 105279
700 ## - ADDED ENTRY--PERSONAL NAME
Personal name Turner, Barry
9 (RLIN) 41704
942 ## - ADDED ENTRY ELEMENTS (KOHA)
Source of classification or shelving scheme Dewey Decimal Classification
Koha item type English Books
Classification part 050
Call number suffix STA
Holdings
Withdrawn status Lost status Damaged status Not for loan Collection code Home library Current library Date acquired Source of acquisition Cost, normal purchase price Total Checkouts Full call number Barcode Date last seen Copy number Cost, replacement price Price effective from Koha item type
      Not For Loan Reference Central Library Central Library 30/05/2015 Cen Lib/Ret 0.00   050 STA B-064101 30/05/2015 1 0.00 15/09/2016 English Books

© Delhi Public Library
Hit Counter
free hit counter